000 01351aam a2200361 i 4500
001 768714001
003 CO-MdFUSB
005 20241003153624.0
007 ta
008 241003t20081965sp |||| |||| 00| 0 spa d
020 _a978-84-321-2935-3
040 _cCO-MdFUSB
041 0 _aspa
_heng
082 0 4 _aG 827.912
_223
_bL673
100 1 _aLewis, C. S. 1898-1963
_eautor
240 _aScrewtape proposes a toast and other pieces
245 1 3 _aEl diablo propone un brindis y otros ensayos
_c/ C. S. Lewis ; prólogo por Walter Hooper ; traducido por José Luis del ‎Barco
250 _asexta edición
264 1 _bEdiciones Rialp,
_aMadrid, España :
_c[2008]
264 4 _c©2008
300 _a147 páginas
_c; 20 cm
336 _2rdacontent
_atexto
_btxt
337 _2rdamedia
_asin mediación
_bn
338 _2rdacarrier
_avolumen
_bnc
490 0 _aColección literaria
505 _aEl diablo propone un brindis -- El círculo cerrado -- ¿Es poesía la teología? - La perseverancia en la fe -- Transposición -- El peso de la gloria -- La obra bien hecha y las buenas obras -- Un lapsus linguae
563 _aRústico
650 7 _aLiteratura religiosa judía
_96896
700 _aBarco, José Luis del,
_910857
_etraductor
700 _aHooper, Walter,
_910858
_eprologuista
942 _cBK
945 _aJTF-925
999 _c44433
_d44433